El masacre se pasa a pie (Record no. 4554)

MARC details
000 -LEADER
campo de control de longitud fija 00611nam a22002057a 4500
001 - NÚMERO DE CONTROL
campo de control 17837
005 - FECHA Y HORA DE LA ÚLTIMA TRANSACCIÓN
campo de control 20250522045702.0
008 - DATOS DE LONGITUD FIJA--INFORMACIÓN GENERAL
campo de control de longitud fija 5230201973 dr
082 ## - NÚMERO DE LA CLASIFICACIÓN DECIMAL DEWEY
Número de clasificación RD 863.44 P9267m4
100 ## - ENTRADA PRINCIPAL--NOMBRE DE PERSONA
Nombre de persona Prestol Castillo, Freddy.
245 ## - MENCIÓN DEL TÍTULO
Título El masacre se pasa a pie
Mención de responsabilidad, etc. Freddy Prestol Castillo.
250 ## - MENCION DE EDICION
Mención de edición 4
260 ## - PUBLICACIÓN, DISTRIBUCIÓN, ETC.
Lugar de publicación, distribución, etc. Santo Domingo, República Dominicana :
Nombre del editor, distribuidor, etc. Ediciones Taller
Fecha de publicación, distribución, etc. 1973
300 ## - DESCRIPCIÓN FÍSICA
Extensión 153 páginas ;
Dimensiones 21 cm.
490 ## - MENCIÓN DE SERIE
Mención de serie Colección Biblioteca Taller
Designación de volumen o secuencia 26
650 ## - PUNTO DE ACCESO ADICIONAL DE MATERIA--TÉRMINO DE MATERIA
Término de materia o nombre geográfico como elemento de entrada 1. Novela Dominicana
650 ## - PUNTO DE ACCESO ADICIONAL DE MATERIA--TÉRMINO DE MATERIA
Término de materia o nombre geográfico como elemento de entrada 2. Literatura Dominicana
700 ## - ENTRADA AGREGADA--NOMBRE PERSONAL
Nombre de persona I. Título
700 ## - ENTRADA AGREGADA--NOMBRE PERSONAL
Nombre de persona II.Serie
Holdings
Estatus retirado Estado de pérdida Estado de daño No para préstamo Colección Biblioteca de origen Biblioteca actual Fecha de adquisición Total de préstamos Signatura topográfica completa Código de barras Visto por última vez Copia número Precio de reemplazo Tipo de ítem Koha
        Acervo general de Libros Biblioteca Central Mons. Favio M. Rivas S. Biblioteca Central Mons. Favio M. Rivas S. 13/06/2018   RD 863.44 P9267m4 000000006743 23/05/2025 1 23/05/2025 Libros
        Acervo general de Libros Biblioteca Central Mons. Favio M. Rivas S. Biblioteca Central Mons. Favio M. Rivas S. 29/03/2022   RD 863.44 P9267m4 000000009857 23/05/2025 2 23/05/2025 Libros